00905nam a2200265 i 4500001001000000003000900010005001700019007000300036008004100039040003000080041000800110082002800118100005400146245007500200250004200275264006300317300002800380336002800408337003400436338002900470490001600499500007300515650002400588650002700612000013693DO-SdBNP20260217132425.0ta091127s1963 dr 000 0 spa d aDO-SdBNPbspacBNPHUerda aspa 4aRD863.4bH519r 19632221 aHenríquez Ureña, Max,d1885-1968eautor4aut.13aEl retorno de los galeones y otros ensayos /cMax Henríquez Ureña. aSegunda edición revisada y ampliada 1aMéxico :bEdiciones Galaxia,bEdicionesde Andrea,c1963. c238 páginas ;a21 cm. atextobtxt2rdacontent  asin mediación bn2rdamedia avolumenbnc2rdacarrier 0 aStudiumv39 aIncluye referencias bibliográficas y notas al pie de las páginas 4aEnsayos dominicanos 4aLiteratura dominicana.